Statistics for Countries that Start with I

Click here to take the quiz!

General Stats

  • This quiz has been taken 364,693 times
    (135,344 since last reset)
  • The average score is 7 of 9

Answer Stats

Country % Correct
India
89%
Indonesia
87%
Iceland
84%
Ireland
83%
Iran
82%
Iraq
82%
Italy
75%
Israel
65%
Ivory Coast
49%

Score Distribution

Percentile by Number Answered

Percent of People with Each Score

Your Score History

You have not taken this quiz since the last reset